中国地级市常住人口前50名 Top 50 China prefectures by resident population(2020) - Statistics

General Stats
  • This quiz has been taken 179 times
  • The average score is 40 of 50
Answer Stats
城市 常住人口/万 % Correct
上海 2488
100%
北京 2189
100%
广州 1874
100%
深圳 1763
99%
重庆 3209
98%
成都 2095
97%
苏州 1275
97%
青岛 1011
97%
南京 932
97%
郑州 1262
95%
杭州 1197
95%
无锡 746
95%
西安 1296
93%
长沙 1006
93%
哈尔滨 1001
93%
武汉 1233
92%
济南 924
92%
沈阳 907
92%
天津 1387
91%
东莞 1048
91%
宁波 942
89%
合肥 937
89%
大连 745
89%
石家庄 1124
88%
徐州 908
87%
长春 907
87%
福州 832
87%
温州 959
85%
佛山 952
83%
昆明 846
83%
南宁 875
82%
洛阳 706
79%
保定 1155
75%
南阳 972
75%
临沂 1103
72%
南通 773
72%
泉州 879
71%
唐山 772
71%
烟台 710
70%
潍坊 939
68%
邯郸 941
67%
济宁 836
54%
邢台 711
50%
金华 706
49%
周口 902
48%
菏泽 880
47%
赣州 897
45%
阜阳 820
44%
沧州 730
39%
商丘 782
35%
No matching quizzes found
Score Distribution
Percent of People with Each Score
Percentile by Number Answered
Your Score History
You have not taken this quiz